[Event "Mlada Boleslav Region-ch U14"]
[Site "Mlada Boleslav"]
[Date "2017.06.24"]
[Round "1"]
[White "Filip, Stepan"]
[Black "Macok, Martin"]
[Result "1/2-1/2"]
[WhiteElo "1251"]
[BlackElo "1503"]
[PlyCount "50"]
[EventDate "2017.06.24"]
[EventType "swiss"]
[EventRounds "7"]
[EventCountry "CZE"]
[SourceTitle "CBM 179 Extra"]
[Source "ChessBase"]
[SourceDate "2017.08.23"]
[SourceVersion "1"]
[SourceVersionDate "2017.08.23"]
[SourceQuality "1"]

1. e4 c5 2. Nf3 d6 3. d4 cxd4 4. Nxd4 Nf6 5. Nc3 g6 6. Be3 Bg7 7. Be2 0-0 8. 0-0 Bd7 9. Qd2 Nc6 10. Nxc6 Bxc6 11. f3 a6 12. Kh1 b5 13. a3 Qc7 14. Rac1 Qb7 15. Rfd1 Rad8 16. Bh6 Rd7 17. Bxg7 Kxg7 18. Qe3 Qa7 19. Qxa7 Rxa7 20. Rd2 Rd7 21. Rcd1 Rfd8 22. Kg1 h5 23. Kf2 g5 24. g3 Kh6 25. h3 Kh7 1/2-1/2

[Event "Mlada Boleslav Region-ch U14"]
[Site "Mlada Boleslav"]
[Date "2017.06.24"]
[Round "3"]
[White "Korinek, Jachym"]
[Black "Macok, Martin"]
[Result "0-1"]
[WhiteElo "1355"]
[BlackElo "1503"]
[PlyCount "73"]
[EventDate "2017.06.24"]
[EventType "swiss"]
[EventRounds "7"]
[EventCountry "CZE"]
[SourceTitle "CBM 179 Extra"]
[Source "ChessBase"]
[SourceDate "2017.08.23"]
[SourceVersion "1"]
[SourceVersionDate "2017.08.23"]
[SourceQuality "1"]

1. e4 c5 2. Nf3 d6 3. Bc4 g6 4. Nc3 Bg7 5. d3 e6 6. Bf4 Ne7 7. Qd2 0-0 8. 0-0-0 a6 9. h4 Nbc6 10. Rdg1 b5 11. Bb3 Na5 12. g4 Nxb3+ 13. cxb3 f6 14. Bh6 Bb7 15. h5 g5 16. Bxg7 Kxg7 17. h6+ Kh8 18. Nxg5 fxg5 19. Qxg5 Ng6 20. Qh5 Qf6 21. g5 Qf4+ 22. Kb1 Qf3 23. Qh2 Qxd3+ 24. Ka1 b4 25. Nd1 Bxe4 26. Ne3 Bxh1 27. Qxh1 d5 28. Ng4 Qf3 29. Qh2 Qf4 30. Qh5 Qf5 31. Qh2 Qxg5 32. Qh3 Rxf2 33. Rf1 Qxg4 34. Qh1 Rxf1+ 35. Qxf1 Qf5 36. Qh1 Rf8 37. Qf1 0-1

[Event "Mlada Boleslav Region-ch"]
[Site "Mlada Boleslav"]
[Date "2015.06.21"]
[Round "5"]
[White "Strnadova, Monika"]
[Black "Macok, Martin"]
[Result "1-0"]
[WhiteElo "1273"]
[BlackElo "1241"]
[PlyCount "105"]
[EventDate "2015.06.20"]
[EventType "swiss"]
[EventRounds "7"]
[EventCountry "CZE"]
[SourceTitle "EXT 2017"]
[Source "ChessBase"]
[SourceDate "2016.10.25"]
[SourceVersion "1"]
[SourceVersionDate "2016.10.25"]
[SourceQuality "1"]

1. e4 c5 2. Nf3 d6 3. Nc3 Nf6 4. g3 g6 5. Bg2 Bg7 6. b3 Nxe4 7. Bb2 Nxc3 8. Bxc3 Bxc3 9. dxc3 Bg4 10. h3 Be6 11. Ng5 Qd7 12. 0-0 Nc6 13. Re1 0-0 14. Qe2 h6 15. Nxe6 fxe6 16. Qxe6+ Qxe6 17. Rxe6 Rf6 18. Bxc6 bxc6 19. Rxe7 Raf8 20. Rf1 Rf3 21. c4 Rc3 22. Re6 Kg7 23. Rxd6 Rxc2 24. Rxc6 Rxa2 25. Rxc5 Rb2 26. Rc7+ Rf7 27. Rxf7+ Kxf7 28. Ra1 a5 29. Rxa5 Rxb3 30. Rc5 Rb4 31. Rc7+ Ke6 32. Rc6+ Kf5 33. c5 Rb5 34. Rc8 Ke6 35. c6 Kd6 36. Rg8 g5 37. Rg6+ Kc7 38. Rxh6 Rc5 39. Kg2 Re5 40. Rg6 Rc5 41. Kh2 Rf5 42. Kg2 Rc5 43. f4 gxf4 44. gxf4 Rc3 45. f5 Kd8 46. h4 Rc5 47. h5 Rxf5 48. h6 Rf8 49. h7 Kc7 50. Rg8 Rf5 51. h8Q Kxc6 52. Qh6+ Kd5 53. Rg5 1-0

[Event "Mlada Boleslav Region-ch"]
[Site "Mlada Boleslav"]
[Date "2015.06.20"]
[Round "3"]
[White "Dudek, Vojtech"]
[Black "Macok, Martin"]
[Result "1-0"]
[WhiteElo "1230"]
[BlackElo "1241"]
[PlyCount "45"]
[EventDate "2015.06.20"]
[EventType "swiss"]
[EventRounds "7"]
[EventCountry "CZE"]
[SourceTitle "EXT 2017"]
[Source "ChessBase"]
[SourceDate "2016.10.25"]
[SourceVersion "1"]
[SourceVersionDate "2016.10.25"]
[SourceQuality "1"]

1. Nf3 d5 2. b3 Nf6 3. Bb2 e6 4. e3 Bd7 5. d4 Nc6 6. Nbd2 Bb4 7. c3 Be7 8. Bd3 a6 9. 0-0 Bd6 10. Qc2 Qe7 11. Rab1 Rc8 12. Rfe1 h6 13. e4 dxe4 14. Nxe4 Nxe4 15. Bxe4 Rb8 16. d5 exd5 17. Bxd5 Be6 18. Bxe6 fxe6 19. Qg6+ Kd7 20. Rbd1 Na5 21. c4 c5 22. Be5 Kc6 23. Rxd6+ 1-0

[Event "Mlada Boleslav Region-ch U20"]
[Site "Mlada Boleslav"]
[Date "2014.06.21"]
[Round "3"]
[White "Macok, Martin"]
[Black "Bohac, Jaroslav1111"]
[Result "0-1"]
[WhiteElo "1133"]
[BlackElo "1237"]
[PlyCount "88"]
[EventDate "2014.06.21"]
[EventType "swiss"]
[EventRounds "7"]
[EventCountry "CZE"]
[SourceTitle "EXT 2016"]
[Source "ChessBase"]
[SourceDate "2015.10.08"]
[SourceVersion "1"]
[SourceVersionDate "2015.10.08"]
[SourceQuality "1"]

1. e4 e5 2. Nf3 Nc6 3. d4 exd4 4. Nxd4 Nxd4 5. Qxd4 Nf6 6. Nc3 h6 7. Qd1 Bb4 8. Bd2 Bxc3 9. Bxc3 0-0 10. f3 d5 11. e5 Re8 12. f4 Ng4 13. g3 Bf5 14. Qd2 Qe7 15. 0-0-0 d4 16. Bxd4 Rad8 17. Qe2 Qb4 18. Bc3 Rxd1+ 19. Qxd1 Qa4 20. a3 Nf2 21. Qe2 Nxh1 22. Bg2 Nxg3 23. hxg3 b6 24. Bb4 f6 25. Bd5+ Be6 26. b3 Qd7 27. Bxe6+ Qxe6 28. Qa6 fxe5 29. fxe5 Qxe5 30. Qxa7 Qxg3 31. Qa6 Qe3+ 32. Bd2 Qd4 33. c3 Qd5 34. Kc2 Qg2 35. Qc4+ Kh8 36. Qxc7 Re2 37. Qd8+ Kh7 38. Qd3+ Qe4 39. b4 h5 40. b5 h4 41. Qxe4+ Rxe4 42. Kd3 Re6 43. Bg5 h3 44. Bf4 g5 0-1